লোডিং...

Invertebrate structure and function

গ্রন্থ-পঞ্জীর বিবরন
প্রধান লেখক: Barrington, E J W
বিন্যাস: Printed Book
প্রকাশিত: London, E L B S 1967
বিষয়গুলি:
LEADER 005280000a22001930004500
022 |a 28-07-2004 
041 |a English 
082 |a 592 K7 
100 |a Barrington, E J W 
245 |a Invertebrate structure and function 
260 |a London, E L B S 
260 |c 1967 
650 |a Invertebrate 
650 |a Metabolism 
650 |a Reproduction 
650 |a Zoology 
942 |c BK 
999 |c 146340  |d 146336 
952 |0 0  |1 0  |4 0  |6 592_000000000000000_K7  |7 0  |9 145111  |a SCC  |b SCC  |d 2017-10-11  |l 0  |o 592 K7  |p SCC00014  |r 2017-10-11  |w 2017-10-11  |y BK